Hodnotová analýza - klíč k budoucnosti podniků.
Hodnotová analýza (HA) má osobitné postavenie medzi prostriedkami, ktoré má k dispozícii manažment pre zlepšenie konkurencieschopnosti, skvalitnenie výroby, zníženie nákladov atď. Krátka história HA. Charakteristika uplatňovania HA. Jej aplikácia vo francúzskych firmách. Jej vhodnosť pre malé a stre...
Enregistré dans:
| Format: | Chapitre de livre |
|---|---|
| Langue: | tchèque |
| Sujets: | |
| Tags: |
Pas de tags, Soyez le premier à ajouter un tag!
|
MARC
| LEADER | 00000naa a2200000 4500 | ||
|---|---|---|---|
| 001 | r011789 | ||
| 005 | 20220826093719.7 | ||
| 041 | 0 | |a cze | |
| 044 | |a [CS] | ||
| 245 | 1 | 0 | |a Hodnotová analýza - klíč k budoucnosti podniků. |
| 520 | |a Hodnotová analýza (HA) má osobitné postavenie medzi prostriedkami, ktoré má k dispozícii manažment pre zlepšenie konkurencieschopnosti, skvalitnenie výroby, zníženie nákladov atď. Krátka história HA. Charakteristika uplatňovania HA. Jej aplikácia vo francúzskych firmách. Jej vhodnosť pre malé a stredné podniky. Porovnanie s Japonskom. | ||
| 610 | 2 | 0 | |a analýza hodnotová |
| 610 | 2 | 0 | |a manažment |
| 610 | 2 | 0 | |a Francúzsko |
| 610 | 2 | 0 | |a Japonsko |
| 610 | 2 | 0 | |a podnik malý |
| 610 | 2 | 0 | |a podnik stredný |